| 000 | 00886cam a2200313 4500 | ||
|---|---|---|---|
| 008 | 090401t1990 xxu||||| |||| 00| 0 eng d | ||
| 020 | _a0421416807 | ||
| 035 | _a(Sirsi) u63521 | ||
| 041 | _aeng | ||
| 050 | _a658.1142 | ||
| 100 | _aOliver, Peter J | ||
| 245 | _aTouche Ross & Co.: the business of partnerships | ||
| 250 | _a2nd ed. | ||
| 260 |
_aLondon _bSweet and Maxwell _c1990 |
||
| 300 | _avii,225p. ; 22cm. | ||
| 350 | _a22 | ||
| 520 | _aFirst edition entitled Spicer and Pegler`s the business of partnerships. | ||
| 650 | _aMANAGEMENT-BUSINESS MANAGEMENT-FINANCIAL MANAGEMENT-ACCOUNTING | ||
| 650 | _aINCORPORATION | ||
| 650 | _aMANAGEMENT | ||
| 650 | _aPARTNERSHIP | ||
| 650 | _aPROFIT SHARING | ||
| 650 | _aSPICER AND PEGLER | ||
| 650 | _aTAXATION | ||
| 650 | _aTOUCHE ROSS AND CO | ||
| 700 | _aDavey, Nigel T | ||
| 942 | _n0 | ||
| 948 | _c04/03/1997 | ||
| 999 |
_c94578 _d94578 |
||